000 00619pam a2200229 a 4500
001 3262329
005 20180212034938.0
008 810611s1981 nyu b 001 0 eng
010 _a 81066326
020 _a002911960X
040 _aDLC
_cDLC
_dDLC
041 _aeng
060 _aQZ 266 P974
080 _a616.99406 GOL
082 0 0 _a616.99406 GOL
_219
100 _a6
101 _aKAN
245 0 0 _aPsychotherapeutic treatment of cancer patients /
_cedited by Jane G. Goldberg.
504 _aIncludes bibliographies and index.
906 _a7
_bcbc
_corignew
_d1
_eopcn
_f19
_gy-gencatlg
942 _2ddc
_cBK
999 _c42300
_d42300